Online
Catalog

El África negra ha empezado mal / (Record no. 41608)

MARC details
000 -CABECERA
campo de control de longitud fija 00832nam a2200241 a 4500
001 - NÚMERO DE CONTROL
campo de control 000042119
005 - FECHA Y HORA DE LA ÚLTIMA TRANSACCIÓN
campo de control 20201002035942.0
008 - DATOS DE LONGITUD FIJA--INFORMACIÓN GENERAL
campo de control de longitud fija 131114s1966 sp ab 000 0 spa d
040 ## - FUENTE DE LA CATALOGACIÓN
Centro catalogador/agencia de origen DO-SdBNP
Lengua de catalogación spa
Centro/agencia transcriptor BNPHU
082 ## - NÚMERO DE LA CLASIFICACIÓN DECIMAL DEWEY
Número de clasificación xxx
Número de documento/Ítem D893a
100 1# - ENTRADA PRINCIPAL--NOMBRE DE PERSONA
Nombre de persona Dumont, René,
Fechas asociadas al nombre 1904-2001
9 (RLIN) 69120
240 10 - TÍTULO UNIFORME
Título uniforme L'Afrique noire est mal partie.
Lenguaje de la obra Español
245 13 - MENCIÓN DE TÍTULO
Título El África negra ha empezado mal /
Mención de responsabilidad, etc. René Dumont ; traducción de Carlos Comas.
260 ## - PUBLICACIÓN, DISTRIBUCIÓN, ETC.
Lugar de publicación, distribución, etc. Barcelona :
Nombre del editor, distribuidor, etc. Seix Barral,
Fecha de publicación, distribución, etc. 1966.
300 ## - DESCRIPCIÓN FÍSICA
Extensión 315 p. :
Otras características físicas il., mapas ;
Dimensiones 22 cm.
490 1# - MENCIÓN DE SERIE
Mención de serie Testimonio
500 ## - NOTA GENERAL
Nota general Incluye referencias bibliográficas y notas al pie de las páginas.
500 ## - NOTA GENERAL
Nota general Anexos : p. [287]-301
504 ## - NOTA DE BIBLIOGRAFÍA, ETC.
Nota de bibliografía, etc. Bibliografía : p. [303]-307
590 ## - NOTA LOCAL (RLIN)
Nota local Inventariado, 2019 /LP
700 1# - PUNTO DE ACCESO ADICIONAL--NOMBRE DE PERSONA
Nombre de persona Comas, Carlos,
Término indicativo de función/relación tr.
9 (RLIN) 69121
830 #0 - PUNTO DE ACCESO ADICIONAL DE SERIE-TÍTULO UNIFORME
Título uniforme Testimonio
9 (RLIN) 16115
Holdings
Estado de retiro Estado de pérdida Restricciones de uso No para préstamo Código de colección Localización permanente Ubicación/localización actual Ubicación en estantería Fecha de adquisición Número de inventario Total de préstamos Signatura topográfica completa Código de barras Fecha visto por última vez Precio válido a partir de Tipo de ítem Koha Nota pública Número de copia
      Excluido de préstamo Monografías: Libros y Folletos General General Depósito 14.11.2013 LF1   xxx D893a 42119-10 25.06.2020 25.06.2020 No se presta Perteneció a la biblioteca personal de German Emilio Ornes.  
      Excluido de préstamo Monografías: Libros y Folletos General General Depósito 31.01.2014 LF1   xxx D893a 42119-20 25.06.2020 25.06.2020 No se presta   e. 2

Powered by Koha